000 00496nam a2200193 a 4500
001 1769511816581
003 YourLibrary
005 20260127164608.0
008 260127s2004##################000#0#eng##
020 _a9780199271856
082 0 4 _a331.137
_bGAL
100 1 _aGallie, Duncan,
_eauthor.
245 1 0 _aResisting Marginalization :
260 _bOUP Oxford,
_c2004.
300 _a304 pages
650 0 _aSocial Science.
942 _cENGLISH
040 _aYourLibrary
_beng
_cYourLibrary
999 _c609207
_d609207